[Event "9th Corsica Masters"]
[Site "Théâtre municipal de Bastia"]
[Date "2005.11.02"]
[Round "6.9"]
[White "Shchekachev, Andrei"]
[Black "Graf, Alexander"]
[Result "1-0"]
[WhiteElo "2562"]
[BlackElo "2613"]
[PlyCount "73"]

1. e4 e5 2. Nf3 Nc6 3. Bb5 a6 4. Ba4 Nf6 5. O-O Be7 6. Re1 b5 7. Bb3 d6 8. c3
O-O 9. h3 Na5 10. Bc2 c5 11. d4 Nd7 12. Nbd2 exd4 13. cxd4 Nc6 14. d5 Nce5 15.
a4 b4 16. Nxe5 Nxe5 17. f4 Ng6 18. Nc4 a5 19. e5 Bb7 20. Qd3 dxe5 21. f5 b3 22.
Bb1 Bh4 23. fxg6 fxg6 24. Rd1 Bf2+ 25. Kh1 Bd4 26. Qxb3 Rb8 27. Be4 Ba6 28. Qc2
Rb4 29. d6 Kh8 30. Bd5 Rf2 31. Bd2 Qb8 32. d7 Qc7 33. Qe4 Qxd7 34. Nxe5 Re2 35.
Rf1 Rb8 36. Qf3 Rxe5 37. Qf8+ 1-0

[Event "9th Corsica Masters"]
[Site "Théâtre municipal de Bastia"]
[Date "2005.11.02"]
[Round "6.11"]
[White "Korneev, Oleg"]
[Black "Siebrecht, Sebastian"]
[Result "1-0"]
[WhiteElo "2599"]
[BlackElo "2485"]
[PlyCount "69"]
[EventDate "2005.??.??"]

1. e4 c5 2. Nf3 e6 3. d4 cxd4 4. Nxd4 a6 5. Bd3 Bc5 6. Nb3 Be7 7. Be3 d6 8. Qe2
Nf6 9. N1d2 Nc6 10. O-O-O b5 11. Kb1 Ne5 12. f4 Nxd3 13. cxd3 a5 14. Nd4 Bb7
15. g4 O-O 16. g5 Nd7 17. Rhg1 e5 18. N4f3 Re8 19. f5 b4 20. f6 Bf8 21. fxg7
Bxg7 22. Nh4 d5 23. Qh5 d4 24. Bf2 Ra6 25. Nf5 Rg6 26. h4 a4 27. Qf3 a3 28. h5
Ra6 29. Nh6+ Bxh6 30. gxh6+ Kf8 31. Qg3 Qf6 32. Nf3 Qxh6 33. Be1 Ke7 34. Nxe5
Qxh5 35. Bxb4+ 1-0

[Event "9th Corsica Masters"]
[Site "Théâtre municipal de Bastia"]
[Date "2005.11.02"]
[Round "7.4"]
[White "Shchekachev, Andrei"]
[Black "Korneev, Oleg"]
[Result "1/2-1/2"]
[WhiteElo "2562"]
[BlackElo "2599"]
[PlyCount "54"]

1. d4 d5 2. c4 c6 3. Nc3 Nf6 4. Nf3 e6 5. Bg5 h6 6. Bh4 dxc4 7. e4 g5 8. Bg3 b5
9. Be2 Bb7 10. h4 g4 11. Ne5 h5 12. O-O Nbd7 13. Qc2 Nxe5 14. Bxe5 Bg7 15. Rad1
O-O 16. f3 Nh7 17. Bxg7 Kxg7 18. fxg4 Qxh4 19. gxh5 Ng5 20. Qd2 Nh3+ 21. gxh3
Qg3+ 22. Kh1 Qxh3+ 23. Kg1 Qg3+ 24. Kh1 Qh3+ 25. Kg1 Qg3+ 26. Kh1 Qh3+ 27. Kg1
Qg3+ 1/2-1/2

[Event "9th Corsica Masters"]
[Site "Théâtre municipal de Bastia"]
[Date "2005.11.02"]
[Round "7.5"]
[White "Milov, Leonid"]
[Black "David, Alberto"]
[Result "1/2-1/2"]
[WhiteElo "2472"]
[BlackElo "2595"]
[PlyCount "53"]

1. e4 e5 2. Nf3 Nc6 3. d4 exd4 4. Nxd4 Bc5 5. Be3 Qf6 6. c3 Nge7 7. Bc4 Ne5 8.
Be2 Qg6 9. O-O d6 10. f3 O-O 11. Nd2 d5 12. Kh1 dxe4 13. Nxe4 Bb6 14. Bf2 Nf5
15. Qc1 Nxd4 16. Bxd4 Nd7 17. Qd2 Bxd4 18. Qxd4 Qb6 19. Qb4 Ne5 20. Rad1 Nc6
21. Qb5 Be6 22. b3 Rad8 23. Nc5 Bc8 24. b4 Qxb5 25. Bxb5 Rxd1 26. Rxd1 Rd8 27.
Rxd8+ 1/2-1/2

[Event "9th Corsica Masters"]
[Site "Théâtre municipal de Bastia"]
[Date "2005.11.02"]
[Round "7.6"]
[White "Tregubov, Pavel V"]
[Black "Barsov, Alexei"]
[Result "1/2-1/2"]
[WhiteElo "2583"]
[BlackElo "2517"]
[PlyCount "59"]

1. d4 d5 2. c4 e6 3. Nf3 Nf6 4. Nc3 Bb4 5. cxd5 exd5 6. Bg5 Nbd7 7. e3 c5 8.
Bd3 c4 9. Bf5 Nb6 10. Bxc8 Rxc8 11. O-O O-O 12. a3 Be7 13. Bxf6 Bxf6 14. Re1
Re8 15. Qc2 Rc6 16. Rad1 g6 17. g3 Kg7 18. e4 dxe4 19. Rxe4 Rd6 20. Rxe8 Qxe8
21. Ne4 Re6 22. Nxf6 Rxf6 23. Ne5 Qb5 24. Rc1 h5 25. h4 a6 26. Qe2 Re6 27. Qf3
Rf6 28. Qe2 Re6 29. Qf3 Rf6 30. Qe2 1/2-1/2

[Event "9th Corsica Masters"]
[Site "Théâtre municipal de Bastia"]
[Date "2005.11.02"]
[Round "7.7"]
[White "Chomet, Pascal"]
[Black "Markowski, Tomasz"]
[Result "1/2-1/2"]
[WhiteElo "2330"]
[BlackElo "2582"]
[PlyCount "47"]

1. e4 d6 2. d4 Nf6 3. Nc3 g6 4. f4 Bg7 5. Nf3 O-O 6. Bd3 Na6 7. O-O c5 8. d5
Rb8 9. a4 Nc7 10. Kh1 Bg4 11. h3 Bxf3 12. Qxf3 a6 13. a5 e6 14. Bc4 exd5 15.
Nxd5 Ncxd5 16. Bxd5 Nxd5 17. exd5 b5 18. axb6 Rxb6 19. f5 Qf6 20. Qd3 Qd4 21.
Qf3 Qf6 22. Qd3 Qd4 23. Qf3 Qf6 24. Qd3 1/2-1/2

[Event "9th Corsica Masters"]
[Site "Théâtre municipal de Bastia"]
[Date "2005.11.02"]
[Round "7.9"]
[White "Izoria, Zviad"]
[Black "Bagheri, Amir"]
[Result "1-0"]
[WhiteElo "2646"]
[BlackElo "2519"]
[PlyCount "113"]

1. Nf3 Nf6 2. c4 e6 3. g3 d5 4. d4 dxc4 5. Bg2 Be7 6. Qa4+ Bd7 7. Qxc4 Bc6 8.
O-O O-O 9. Bf4 Nbd7 10. Rd1 Bd6 11. Bg5 h6 12. Bxf6 Nxf6 13. Nc3 Qe7 14. Nd2
Bxg2 15. Kxg2 c6 16. Nde4 Nxe4 17. Nxe4 Rad8 18. e3 Qd7 19. Rac1 Be7 20. a3 Qd5
21. Qxd5 Rxd5 22. f4 Rfd8 23. Kf3 c5 24. Nc3 R5d7 25. dxc5 Bxc5 26. Rxd7 Rxd7
27. Ne4 Bb6 28. Rc8+ Kh7 29. Ke2 f5 30. Nc3 Kg6 31. Na4 Kf7 32. Nxb6 axb6 33.
Rc4 g5 34. Rb4 Rd6 35. e4 gxf4 36. gxf4 fxe4 37. Ke3 Kf6 38. Kxe4 Rc6 39. Rb5
Rc4+ 40. Ke3 Rc6 41. Kf3 Rd6 42. Kg4 Kg6 43. Re5 Kf6 44. Rh5 Kg6 45. Rb5 Kf6
46. a4 Kg6 47. b3 Kf6 48. Kf3 Rd3+ 49. Ke4 Rd6 50. Rb4 Ke7 51. Rd4 Rc6 52. Rc4
Rxc4+ 53. bxc4 Kf6 54. h3 Kf7 55. f5 exf5+ 56. Kxf5 Kg7 57. Ke5 1-0

[Event "9th Corsica Masters"]
[Site "Théâtre municipal de Bastia"]
[Date "2005.11.02"]
[Round "7.10"]
[White "Rustemov, Alexander"]
[Black "Naiditsch, Arkadij"]
[Result "1/2-1/2"]
[WhiteElo "2564"]
[BlackElo "2641"]
[PlyCount "59"]

1. Nf3 Nf6 2. c4 e6 3. Nc3 d5 4. cxd5 exd5 5. d4 c6 6. Qc2 g6 7. Bg5 Be7 8. e3
Bf5 9. Bd3 Bxd3 10. Qxd3 Nbd7 11. Bh6 Ng4 12. Bf4 O-O 13. h3 Ngf6 14. O-O Re8
15. Rab1 a5 16. Nd2 Nb6 17. Rfc1 Bd6 18. Bxd6 Qxd6 19. b3 Nbd7 20. Na4 Rec8 21.
Nc5 Nxc5 22. Rxc5 Nd7 23. Rc3 Nb8 24. Nf3 Na6 25. Qd2 Qd8 26. Ne5 Nc7 27. Rc5
Ne6 28. Rc2 Nc7 29. Rc5 Ne6 30. Rc2 1/2-1/2

[Event "9th Corsica Masters"]
[Site "Théâtre municipal de Bastia"]
[Date "2005.11.02"]
[Round "7.11"]
[White "Huzman, Alexander"]
[Black "Socko, Bartosz"]
[Result "1/2-1/2"]
[WhiteElo "2565"]
[BlackElo "2610"]
[PlyCount "39"]

1. d4 Nf6 2. c4 g6 3. Nc3 Bg7 4. e4 d6 5. Nf3 O-O 6. Be2 e5 7. Be3 Ng4 8. Bg5
f6 9. Bh4 g5 10. Bg3 Nh6 11. d5 f5 12. exf5 Nxf5 13. Ne4 h6 14. Nfd2 Nd4 15.
O-O Bf5 16. Bg4 Bg6 17. Bh5 Bf5 18. Bg4 Bg6 19. Bh5 Bf5 20. Bg4 1/2-1/2

[Event "9th Corsica Masters"]
[Site "Théâtre municipal de Bastia"]
[Date "2005.11.02"]
[Round "7.12"]
[White "Riazantsev, Alexander"]
[Black "Dunis, Aurelien"]
[Result "1-0"]
[WhiteElo "2603"]
[BlackElo "2531"]
[PlyCount "85"]

1. d4 d5 2. c4 c6 3. Nf3 Nf6 4. Nc3 a6 5. Ne5 e6 6. g3 Nbd7 7. Bg2 Nxe5 8. dxe5
Nd7 9. cxd5 exd5 10. e4 d4 11. Qxd4 Bc5 12. Qd3 Nxe5 13. Qxd8+ Kxd8 14. f4 Nd3+
15. Ke2 Nxc1+ 16. Raxc1 Bg4+ 17. Bf3 Bxf3+ 18. Kxf3 Ke7 19. e5 Ke6 20. g4 g6
21. Ne2 Ba7 22. Ng3 Rhd8 23. Rhd1 f5 24. exf6 Kxf6 25. Ne4+ Ke7 26. Ng5 Rxd1
27. Rxd1 Rf8 28. Re1+ Kd6 29. Nxh7 Rh8 30. Ng5 Rxh2 31. Re6+ Kd5 32. Rxg6 Rf2+
33. Kg3 Rxb2 34. Rg7 c5 35. Nf3 c4 36. Rd7+ Ke6 37. Rc7 Bf2+ 38. Kh3 b5 39. g5
Kf5 40. Rc6 Be3 41. g6 Ke4 42. g7 Kxf3 43. g8=Q 1-0

[Event "9th Corsica Masters"]
[Site "Théâtre municipal de Bastia"]
[Date "2005.11.02"]
[Round "7.13"]
[White "Sanchez, Joseph"]
[Black "Iordachescu, Viorel"]
[Result "0-1"]
[WhiteElo "2435"]
[BlackElo "2583"]
[PlyCount "51"]

1. e4 c6 2. d4 d5 3. Nc3 dxe4 4. Nxe4 Nd7 5. Bc4 Ngf6 6. Ng5 e6 7. Qe2 Nb6 8.
Bd3 h6 9. N5f3 c5 10. dxc5 Nbd7 11. Be3 Bxc5 12. O-O-O Qa5 13. Kb1 O-O 14. Bd2
Qb6 15. Nh3 e5 16. Nh4 e4 17. Bxe4 Re8 18. f3 Nxe4 19. fxe4 Nf6 20. Qd3 Bg4 21.
Nf3 Bxh3 22. gxh3 Nxe4 23. Be3 Nf2 24. Qc4 Nxd1 25. Rxd1 Rad8 26. Rf1 0-1

[Event "9th Corsica Masters"]
[Site "Théâtre municipal de Bastia"]
[Date "2005.11.02"]
[Round "7.14"]
[White "Brunner, Nicolas"]
[Black "Malakhatko, Vadim"]
[Result "0-1"]
[WhiteElo "2392"]
[BlackElo "2571"]
[PlyCount "70"]

1. d4 c5 2. d5 g6 3. e4 d6 4. c4 Bg7 5. Nc3 a6 6. a4 e6 7. Bd3 Ne7 8. dxe6 fxe6
9. Nge2 Nbc6 10. O-O O-O 11. Bc2 Qc7 12. h3 Bd7 13. Be3 Rad8 14. Qd2 Rf7 15.
Rad1 Bc8 16. f4 b6 17. Qe1 Bb7 18. Qg3 Kh8 19. Rd2 Nb4 20. Bb1 d5 21. cxd5 exd5
22. exd5 Nbxd5 23. Rfd1 Rff8 24. Nxd5 Rxd5 25. Rxd5 Nxd5 26. Bc1 Re8 27. Re1
Qc6 28. Qf3 Qxa4 29. f5 Nc3 30. Qxb7 Nxe2+ 31. Kh2 Nxc1 32. Rf1 Ne2 33. f6 Bxf6
34. Rxf6 Qd4 35. Rf1 Qe5+ 0-1

[Event "9th Corsica Masters"]
[Site "Théâtre municipal de Bastia"]
[Date "2005.11.02"]
[Round "7.15"]
[White "Mullon, Jean-Baptiste"]
[Black "Agrest, Evgenij"]
[Result "0-1"]
[WhiteElo "2357"]
[BlackElo "2570"]
[PlyCount "76"]

1. e4 c5 2. Nf3 d6 3. d4 Nf6 4. Nc3 cxd4 5. Nxd4 a6 6. Bg5 e6 7. f4 Qb6 8. Nb3
Be7 9. Qf3 Nbd7 10. O-O-O Qc7 11. Bd3 b5 12. Rhe1 b4 13. Ne2 Bb7 14. Kb1 Nc5
15. Nxc5 dxc5 16. c4 O-O-O 17. Nc1 h6 18. Bxf6 Bxf6 19. Nb3 a5 20. Qh5 a4 21.
Nc1 g6 22. Qg4 Rd4 23. g3 Rhd8 24. Qe2 e5 25. Rf1 Qd6 26. Bc2 exf4 27. gxf4
Rxd1 28. Bxd1 Qc6 29. e5 Bg7 30. Qc2 Qg2 31. Qxg2 Bxg2 32. Rg1 Rd2 33. Bxa4
Be4+ 34. Ka1 Rxh2 35. Be8 g5 36. Nb3 gxf4 37. Nxc5 Bg6 38. Bc6 Bxe5 0-1

[Event "Corsica Master"]
[Site "Bastia"]
[Date "2005.11.03"]
[Round "1"]
[White "Bologan, Viktor"]
[Black "Chomet, Pascal"]
[Result "1-0"]
[WhiteElo "2524"]
[BlackElo "2688"]
[PlyCount "71"]
[EventDate "2005.??.??"]
[WhiteTeam "Belarus"]
[BlackTeam "Russia"]
[WhiteTeamCountry "BLR"]
[BlackTeamCountry "RUS"]

1. e4 d6 2. d4 g6 3. Nc3 Bg7 4. g3 Nd7 5. Bg2 c5 6. Nge2 h5 7. h3 Rb8 8. a4 a6
9. a5 Ngf6 10. O-O O-O 11. Be3 b5 12. axb6 Qxb6 13. b3 Qc7 14. Qd2 Bb7 15. d5
Rfe8 16. Rad1 Rbd8 17. Bh6 a5 18. Bxg7 Kxg7 19. Nb5 Qb6 20. c4 Ba6 21. Nec3
Bxb5 22. Nxb5 Ra8 23. Ra1 Ra6 24. f4 e6 25. e5 dxe5 26. fxe5 Nxe5 27. Rxf6 a4
28. Qf4 Qb8 29. d6 Rxd6 30. Nxd6 Qxd6 31. Re1 Qd4+ 32. Qxd4 cxd4 33. Rff1 Nd3
34. Rd1 Nb4 35. bxa4 e5 36. Rb1 1-0

[Event "Corsica Master"]
[Site "Bastia"]
[Date "2005.11.03"]
[Round "1"]
[White "Chomet, Pascal"]
[Black "Bologan, Viktor"]
[Result "1/2-1/2"]
[WhiteElo "2524"]
[BlackElo "2688"]
[PlyCount "102"]
[EventDate "2005.??.??"]
[WhiteTeam "Belarus"]
[BlackTeam "Russia"]
[WhiteTeamCountry "BLR"]
[BlackTeamCountry "RUS"]

1. e4 c6 2. Nc3 d5 3. Nf3 Bg4 4. h3 Bxf3 5. Qxf3 Nf6 6. g3 e6 7. Bg2 dxe4 8.
Nxe4 Nxe4 9. Qxe4 Qd5 10. b4 Nd7 11. O-O Qxe4 12. Bxe4 O-O-O 13. Rb1 Be7 14. d3
Nf6 15. Bf3 Nd5 16. Bd2 Bf6 17. Rb3 Nb6 18. b5 c5 19. Ba5 Rd4 20. Bc3 Ra4 21.
Bxf6 gxf6 22. Rc3 Nd7 23. Bh5 Rf8 24. a3 Kc7 25. Rb1 Kd6 26. Kg2 b6 27. Rcb3 a6
28. bxa6 Rxa6 29. c3 Kc7 30. d4 Ra5 31. Be2 Rfa8 32. Bb5 Rxa3 33. Bxd7 Rxb3 34.
Rxb3 Kxd7 35. Rxb6 cxd4 36. cxd4 Ke7 37. Rb7+ Kf8 38. Rd7 Ra3 39. d5 exd5 40.
Rxd5 Kg7 41. g4 Rb3 42. f3 h6 43. Kg3 Ra3 44. Rf5 Rb3 45. Kh4 Ra3 46. Kh5 Rb3
47. h4 Ra3 48. f4 Ra4 49. g5 fxg5 50. hxg5 hxg5 51. Kxg5 Ra6 1/2-1/2

[Event "Corsica Master"]
[Site "Bastia"]
[Date "2005.11.03"]
[Round "1"]
[White "Krivoshey, Sergey"]
[Black "Izoria, Zviad"]
[Result "0-1"]
[WhiteElo "2622"]
[BlackElo "2620"]
[PlyCount "82"]
[EventDate "2005.??.??"]
[WhiteTeam "Germany"]
[BlackTeam "Switzerland"]
[WhiteTeamCountry "GER"]
[BlackTeamCountry "SUI"]

1. Nf3 Nf6 2. c4 e6 3. Nc3 d5 4. d4 Bb4 5. cxd5 exd5 6. Bg5 O-O 7. e3 c5 8. Qc2
h6 9. Bh4 Be6 10. Be2 Nbd7 11. O-O Rc8 12. a3 Bxc3 13. bxc3 Qa5 14. Qb2 Ne4 15.
Rfc1 Nb6 16. Bf1 Rc7 17. dxc5 Qxc5 18. Nd4 Bd7 19. Qb4 Rfc8 20. Nb3 Qf8 21. Bg3
Rxc3 22. Rxc3 Rxc3 23. Nd4 Qxb4 24. axb4 a6 25. b5 axb5 26. Bxb5 Bxb5 27. Nxb5
Rb3 28. Nd4 Rb2 29. Bc7 Nc4 30. f3 Nc5 31. Nf5 Kh7 32. h4 g6 33. Ne7 Nxe3 34.
Ra3 Rxg2+ 35. Kh1 Re2 36. Bb6 Nc4 37. Bxc5 Nxa3 38. Bxa3 d4 39. Nd5 d3 40. Nf6+
Kg7 41. Ne4 Rxe4 0-1

[Event "Corsica Master"]
[Site "Bastia"]
[Date "2005.11.03"]
[Round "1"]
[White "Agrest, Evgenij"]
[Black "Almasi, Zoltan"]
[Result "1/2-1/2"]
[WhiteElo "2520"]
[BlackElo "2699"]
[PlyCount "106"]
[EventDate "2005.??.??"]
[WhiteTeam "Israel"]
[BlackTeam "Espana"]
[WhiteTeamCountry "ISR"]
[BlackTeamCountry "ESP"]

1. d4 Nf6 2. c4 e6 3. Nf3 b6 4. Nc3 Bb7 5. a3 d5 6. cxd5 Nxd5 7. e3 g6 8. Bd3
Bg7 9. Nxd5 exd5 10. b4 O-O 11. O-O Nd7 12. a4 c6 13. a5 Rc8 14. Bd2 Rc7 15.
Qb1 Re8 16. Rc1 Nf6 17. axb6 axb6 18. b5 c5 19. dxc5 Rxc5 20. Bc3 Rxc3 21. Rxc3
Ne4 22. Rc2 Bxa1 23. Qxa1 Nc5 24. Bf1 Qd6 25. Nd4 Ra8 26. Ra2 Rxa2 27. Qxa2 Ne6
28. Qa4 Kg7 29. Nf3 Bc8 30. Qa1+ f6 31. Qa8 Bd7 32. g3 d4 33. exd4 Nxd4 34.
Nxd4 Qxd4 35. Qd8 Qd6 36. h4 Qe6 37. Qc7 Kh6 38. Kh2 Qe1 39. Bg2 Bxb5 40. Qxb6
Qe5 41. f4 Qb2 42. Qb7 f5 43. Kh3 Qb4 44. h5 Qb2 45. Qe7 Be2 46. hxg6 hxg6 47.
Kh4 Bg4 48. Qf8+ Kh7 49. Kg5 Qg7 50. Qxg7+ Kxg7 51. Bc6 Kf7 52. Bb5 Bf3 53.
Bc4+ Kg7 1/2-1/2

[Event "Corsica Master"]
[Site "Bastia"]
[Date "2005.11.03"]
[Round "1"]
[White "Agrest, Evgenij"]
[Black "Almasi, Zoltan"]
[Result "1-0"]
[WhiteElo "2503"]
[BlackElo "2755"]
[PlyCount "151"]
[EventDate "2005.??.??"]
[WhiteTeam "Espana"]
[BlackTeam "India"]
[WhiteTeamCountry "ESP"]
[BlackTeamCountry "IND"]

1. d4 Nf6 2. c4 e6 3. Nf3 b6 4. Nc3 Bb7 5. a3 d5 6. cxd5 Nxd5 7. e3 Nxc3 8.
bxc3 Be7 9. Bd3 O-O 10. Qc2 h6 11. e4 c5 12. O-O Qc7 13. Qe2 Nd7 14. e5 Rfd8
15. Bf4 Nf8 16. Qe3 Rac8 17. Rfd1 cxd4 18. cxd4 Qc3 19. a4 Ng6 20. Bg3 Bxf3 21.
gxf3 Qxd4 22. Bxg6 Qxe3 23. Bxf7+ Kxf7 24. fxe3 Rxd1+ 25. Rxd1 Rc4 26. a5 bxa5
27. Rd7 a4 28. Rxa7 a3 29. f4 Ke8 30. Kg2 Rc2+ 31. Kf3 a2 32. Ke4 Bb4 33. f5
Rc4+ 34. Kf3 exf5 35. Rxa2 Kf7 36. Ra7+ Be7 37. h4 g5 38. hxg5 hxg5 39. Ke2 Rc6
40. Be1 Ke6 41. Kd3 Rb6 42. Bc3 g4 43. Bd4 Rc6 44. Ra1 Bf8 45. Rh1 Rc7 46. Rf1
Rf7 47. Ra1 Rb7 48. Ra6+ Kd5 49. Rf6 Be7 50. Rxf5 Ke6 51. Rf4 g3 52. Rg4 Rb5
53. Ke4 Ra5 54. Rxg3 Rb5 55. Rg7 Ra5 56. Rh7 Rb5 57. Rh6+ Kd7 58. Ra6 Rb1 59.
e6+ Kc7 60. Be5+ Kb7 61. Ra2 Rb4+ 62. Kf5 Rb1 63. Rc2 Bd8 64. Kg6 Rf1 65. Bf4
Kb6 66. Kf7 Rh1 67. Ke8 Bf6 68. Kf7 Bd8 69. Be5 Rh7+ 70. Bg7 Rh3 71. e4 Rf3+
72. Ke8 Bg5 73. e5 Rh3 74. e7 Rh7 75. Bf6 Bf4 76. Kd8 1-0

[Event "Corsica Master"]
[Site "Bastia"]
[Date "2005.11.03"]
[Round "1"]
[White "Agrest, Evgenij"]
[Black "Almasi, Zoltan"]
[Result "1-0"]
[WhiteElo "2503"]
[BlackElo "2755"]
[PlyCount "109"]
[EventDate "2005.??.??"]
[WhiteTeam "Espana"]
[BlackTeam "India"]
[WhiteTeamCountry "ESP"]
[BlackTeamCountry "IND"]

1. e4 e5 2. Nf3 Nc6 3. Bb5 Nf6 4. d3 Bc5 5. O-O d6 6. c3 O-O 7. h3 a6 8. Ba4 b5
9. Bc2 h6 10. d4 Bb6 11. Be3 Re8 12. Nbd2 Bb7 13. Re1 exd4 14. cxd4 Nb4 15. e5
Nxc2 16. Qxc2 Nd5 17. Rad1 dxe5 18. dxe5 Nxe3 19. fxe3 Qe7 20. Ne4 Rad8 21. Kf2
Qb4 22. Ng3 Rxd1 23. Rxd1 Qf4 24. Qc3 Bxf3 25. gxf3 Qxe5 26. Rd3 Qxc3 27. bxc3
g6 28. f4 Kg7 29. Kf3 Re6 30. Ne4 Rc6 31. Rd7 Rc4 32. h4 Ra4 33. h5 Rxa2 34.
hxg6 Kxg6 35. Rd8 Kg7 36. f5 Ra1 37. Ng3 Kf6 38. e4 Re1 39. Re8 a5 40. Kg4 Rg1
41. e5+ Kg7 42. Kf3 h5 43. Nxh5+ Kh6 44. Ng3 Rc1 45. Kg4 Rxc3 46. Re7 Rc4+ 47.
Kh3 Kg7 48. e6 Kf8 49. Rxf7+ Ke8 50. Nh5 Bd4 51. f6 Bc3 52. Ng7+ Kd8 53. e7+
Kc8 54. e8=Q+ Kb7 55. Qxb5+ 1-0

[Event "Corsica Master"]
[Site "Bastia"]
[Date "2005.11.03"]
[Round "1"]
[White "Adams, Mickael"]
[Black "Riazantsev, Alexander"]
[Result "1/2-1/2"]
[WhiteElo "2520"]
[BlackElo "2699"]
[PlyCount "97"]
[EventDate "2005.??.??"]
[WhiteTeam "Israel"]
[BlackTeam "Espana"]
[WhiteTeamCountry "ISR"]
[BlackTeamCountry "ESP"]

1. e4 c6 2. d4 d5 3. exd5 cxd5 4. c4 Nf6 5. Nc3 e6 6. Nf3 Bb4 7. cxd5 Nxd5 8.
Qc2 Nc6 9. Be2 Nce7 10. a3 Bd6 11. Ne4 O-O 12. Bd3 h6 13. O-O b6 14. Be3 Bb7
15. Qd2 Nf5 16. Rac1 Qe7 17. Nxd6 Qxd6 18. Bb1 Rac8 19. Ne5 Rxc1 20. Rxc1 Rc8
21. Rxc8+ Bxc8 22. g4 Nfxe3 23. fxe3 Bb7 24. Be4 Qc7 25. Bg2 Nf6 26. Bxb7 Qxb7
27. Qg2 Qc7 28. Qd2 Ne4 29. Qd1 f6 30. Nd3 Qc4 31. Nf2 Nd6 32. Kg2 Qc6+ 33. Qf3
Qc2 34. b4 Nc4 35. e4 Qd2 36. e5 Qxd4 37. exf6 gxf6 38. Qa8+ Kg7 39. Qxa7+ Kg6
40. Qa8 Kg7 41. Qb7+ Kg8 42. a4 Ne3+ 43. Kf3 Nd5 44. Qc8+ Kf7 45. Qd7+ Kg6 46.
Qe8+ Kg7 47. Qd7+ Kg6 48. Qe8+ Kg7 49. Qd7+ 1/2-1/2

[Event "Corsica Master"]
[Site "Bastia"]
[Date "2005.11.03"]
[Round "1"]
[White "Sasikiran, Krishnan"]
[Black "Almasi, Zoltan"]
[Result "1/2-1/2"]
[WhiteElo "2622"]
[BlackElo "2620"]
[PlyCount "130"]
[EventDate "2005.??.??"]
[WhiteTeam "Germany"]
[BlackTeam "Switzerland"]
[WhiteTeamCountry "GER"]
[BlackTeamCountry "SUI"]

1. d4 Nf6 2. c4 e6 3. Nc3 Bb4 4. Qc2 O-O 5. a3 Bxc3+ 6. Qxc3 b6 7. Bg5 Bb7 8.
Nf3 d6 9. Nd2 Nbd7 10. f3 c5 11. dxc5 bxc5 12. e3 a5 13. Bd3 Qb6 14. O-O a4 15.
Qc2 Bc6 16. Rfe1 h6 17. Bh4 d5 18. Rab1 d4 19. Bf2 e5 20. Bf5 Rfe8 21. h3 g6
22. Bd3 Kg7 23. Re2 Rab8 24. Kh1 Nh5 25. Be4 Nhf6 26. Bxc6 Qxc6 27. Rd1 Qb7 28.
Rb1 Qc6 29. Rd1 Re6 30. Kg1 Rbe8 31. Nf1 Nb6 32. Ng3 R8e7 33. Red2 Rd7 34. e4
Qb7 35. Ne2 Qa6 36. Rc1 Ne8 37. f4 Nd6 38. fxe5 Ndxc4 39. Qd3 Ra7 40. Rdc2 Nxe5
41. Qxa6 Rxa6 42. Nf4 Nbd7 43. Nxe6+ fxe6 44. Rxc5 Nxc5 45. Rxc5 Nc6 46. Rb5 e5
47. Kf1 Ra5 48. Rb6 Rc5 49. Be1 Rc2 50. Ra6 d3 51. Bc3 Nd4 52. Ke1 Nb3 53. Rd6
Nc5 54. Bxe5+ Kf7 55. Rd5 Nxe4 56. Rxd3 Rxg2 57. Rd4 Nc5 58. Rd5 Ne4 59. Ra5
Ke6 60. Bh8 Ng5 61. Rxa4 Nxh3 62. Rh4 Ng5 63. Rxh6 Nf7 64. Rh7 Nxh8 65. Rxh8
Ke5 1/2-1/2

[Event "Corsica Master"]
[Site "Bastia"]
[Date "2005.11.03"]
[Round "1"]
[White "Milov, Vadim"]
[Black "Naiditsch, Arkadij"]
[Result "1-0"]
[WhiteElo "2524"]
[BlackElo "2688"]
[PlyCount "33"]
[EventDate "2005.??.??"]
[WhiteTeam "Belarus"]
[BlackTeam "Russia"]
[WhiteTeamCountry "BLR"]
[BlackTeamCountry "RUS"]

1. d4 Nf6 2. c4 e6 3. Nc3 Bb4 4. e3 O-O 5. Bd3 d5 6. cxd5 exd5 7. Nge2 c5 8. a3
cxd4 9. axb4 dxc3 10. O-O Nc6 11. b5 Ne5 12. Nxc3 Bg4 13. f3 Bh5 14. Be2 Bg6
15. f4 d4 16. fxe5 dxc3 17. exf6 1-0

[Event "Corsica Master"]
[Site "Bastia"]
[Date "2005.11.03"]
[Round "1"]
[White "Riazantsev, Alexander"]
[Black "Adams, Mickael"]
[Result "1/2-1/2"]
[WhiteElo "2520"]
[BlackElo "2699"]
[PlyCount "99"]
[EventDate "2005.??.??"]
[WhiteTeam "Israel"]
[BlackTeam "Espana"]
[WhiteTeamCountry "ISR"]
[BlackTeamCountry "ESP"]

1. d4 Nf6 2. c4 e6 3. Nf3 b6 4. g3 Ba6 5. Qb3 Nc6 6. Nbd2 Na5 7. Qc3 c5 8. dxc5
bxc5 9. e4 Bb7 10. e5 Ne4 11. Nxe4 Bxe4 12. Bg2 Be7 13. O-O O-O 14. Re1 Bg6 15.
Bg5 Nc6 16. Bxe7 Qxe7 17. h3 Rad8 18. Rad1 d6 19. Qe3 dxe5 20. Nxe5 Nxe5 21.
Qxe5 Bc2 22. Rxd8 Rxd8 23. Be4 Bxe4 24. Qxe4 g6 25. b3 Rd2 26. Re2 Rxe2 27.
Qxe2 Qd6 28. Qe4 Kg7 29. Qb7 a6 30. a3 a5 31. Qb5 Qc7 32. b4 cxb4 33. axb4 axb4
34. Qxb4 Qd7 35. Qc3+ Kf8 36. Qh8+ Ke7 37. Qxh7 Qd4 38. Qh4+ Qxh4 39. gxh4 Kd6
40. Kg2 Kc5 41. Kg3 Kxc4 42. h5 gxh5 43. Kh4 Kd3 44. Kxh5 Ke2 45. Kg5 Kxf2 46.
h4 e5 47. Kf5 Kf3 48. Kxe5 Kg4 49. Kf6 Kxh4 50. Ke5 1/2-1/2

[Event "Corsica Master"]
[Site "Bastia"]
[Date "2005.11.03"]
[Round "1"]
[White "Fressinet, Laurent"]
[Black "Bologan, Viktor"]
[Result "1/2-1/2"]
[WhiteElo "2503"]
[BlackElo "2755"]
[PlyCount "148"]
[EventDate "2005.??.??"]
[WhiteTeam "Espana"]
[BlackTeam "India"]
[WhiteTeamCountry "ESP"]
[BlackTeamCountry "IND"]

1. e4 c6 2. d4 d5 3. e5 Bf5 4. Nf3 e6 5. a3 Nd7 6. Nbd2 h6 7. Be2 Ne7 8. O-O
Nc8 9. Re1 Be7 10. Nf1 O-O 11. Ne3 Be4 12. Bd3 f5 13. exf6 Nxf6 14. Ne5 Bd6 15.
N3g4 Bxe5 16. dxe5 Nxg4 17. Qxg4 Bf5 18. Bxf5 exf5 19. Qg3 Kh7 20. Bf4 Ne7 21.
e6 Rf6 22. Re2 Ng6 23. Rae1 Qb6 24. b4 Re8 25. Bd6 Qd8 26. Bc5 Qc8 27. e7 f4
28. Qd3 f3 29. Re3 Qg4 30. Rxf3 Rxf3 31. Qxf3 Qxf3 32. gxf3 b6 33. Bd6 Kg8 34.
Bb8 a6 35. Ba7 b5 36. Re6 Nxe7 37. Bc5 Kf7 38. Rd6 Ng6 39. Rxc6 Nh4 40. Kf1
Nxf3 41. Rxa6 h5 42. h3 g5 43. Kg2 Nh4+ 44. Kf1 Nf3 45. Kg2 Nh4+ 46. Kg3 Re1
47. f4 Nf5+ 48. Kf2 Rc1 49. fxg5 Rxc2+ 50. Ke1 Nh4 51. Rf6+ Kg8 52. Bf2 Rc4 53.
Kf1 Kg7 54. Rd6 Ng6 55. Ke2 Nf4+ 56. Kf3 Nxh3 57. Be3 Rg4 58. Rxd5 Ng1+ 59.
Bxg1 Rxg1 60. Rxb5 h4 61. Kf2 Rg3 62. Ra5 Kg6 63. b5 Rb3 64. a4 Rb4 65. Kg2 Rb3
66. Ra8 Kxg5 67. Rg8+ Kf4 68. Rg6 Rb4 69. Ra6 Kg4 70. Rg6+ Kf5 71. Rh6 Rxa4 72.
b6 Rb4 73. Kh3 Kg5 74. Rc6 Rb3+ 1/2-1/2

[Event "Corsica Master"]
[Site "Bastia"]
[Date "2005.11.03"]
[Round "1"]
[White "David, Alberto"]
[Black "Bacrot, Etienne"]
[Result "1-0"]
[WhiteElo "2622"]
[BlackElo "2620"]
[PlyCount "105"]
[EventDate "2005.??.??"]
[WhiteTeam "Germany"]
[BlackTeam "Switzerland"]
[WhiteTeamCountry "GER"]
[BlackTeamCountry "SUI"]

1. d4 d5 2. c4 dxc4 3. Nf3 e6 4. e3 Nf6 5. Bxc4 a6 6. O-O c5 7. Bb3 b5 8. a4 b4
9. e4 cxd4 10. e5 Nfd7 11. Qxd4 Bb7 12. Bg5 Qb6 13. Qg4 Nc6 14. Nbd2 Ndxe5 15.
Nxe5 Nxe5 16. Qg3 Bd6 17. Bf4 Qd4 18. Rad1 g5 19. Nc4 Qxc4 20. Bxc4 gxf4 21.
Qb3 Rg8 22. f3 Bc5+ 23. Kh1 Ke7 24. Rfe1 Rg5 25. Qc2 Rc8 26. Qd2 Nxc4 27. Qd7+
Kf6 28. Qxb7 Rcg8 29. Rd7 Ne5 30. Rxe5 Rxe5 31. Rxf7+ Kg6 32. h4 Re1+ 33. Kh2
Bg1+ 34. Kh3 Be3 35. h5+ Kh6 36. Rxh7+ Kg5 37. Qe7+ Kf5 38. Qf7+ Ke5 39. Qxg8
Bf2 40. Qg5+ Kd4 41. Rd7+ Kc4 42. Qxf4+ Kb3 43. Rd3+ Ka2 44. Qc4+ Ka1 45. Qxb4
Rh1+ 46. Kg4 Rh4+ 47. Kg5 Rxb4 48. h6 Bg3 49. h7 Be5 50. Re3 Bh8 51. Rxe6 Rxb2
52. g4 Rb8 53. Rxa6 1-0

[Event "Corsica Master"]
[Site "Bastia"]
[Date "2005.11.03"]
[Round "1"]
[White "Riazantsev, Alexander"]
[Black "Adams, Mickael"]
[Result "1/2-1/2"]
[WhiteElo "2520"]
[BlackElo "2699"]
[PlyCount "42"]
[EventDate "2005.??.??"]
[WhiteTeam "Israel"]
[BlackTeam "Espana"]
[WhiteTeamCountry "ISR"]
[BlackTeamCountry "ESP"]

1. d4 Nf6 2. c4 e6 3. Nf3 b6 4. g3 Ba6 5. Qb3 d5 6. cxd5 Qxd5 7. Qa4+ Qc6 8.
Qxc6+ Nxc6 9. Nc3 Nb4 10. Rb1 c5 11. dxc5 Bxc5 12. Bg2 Nc2+ 13. Kf1 O-O 14. Ne1
Nxe1 15. Bxa8 Nd3 16. Bf3 Nxf2 17. Rg1 N2g4 18. Rh1 Nf2 19. Rg1 N2g4 20. Rh1
Nf2 21. Rg1 N2g4 1/2-1/2